DEUX mondes : a communicative approach

Guardat en:
Dades bibliogràfiques
Autor principal: Terrell, Tracy D. ...[et al]
Format: Llibre
Idioma:anglès
Publicat: McGraw-Hill 2005
Etiquetes: Afegir etiqueta
Sense etiquetes, Sigues el primer a etiquetar aquest registre!

MARC

LEADER 00000nam a22000007a 4500
008 201217b ||||| |||| 00| 0 eng d
020 |a 0-07-287659-X 
100 |a Terrell, Tracy D. ...[et al] 
245 |a DEUX mondes  |b : a communicative approach  |c Tracy D.Terrell.  |g 448p.; ill.  
250 |b 5th ed.  |c Terrell, Tracy D 
260 |b McGraw-Hill  |c 2005  |h Boston  |i 658573  |l PC2129 .E5D48  |m French language – Textbooks for foreign speakers – English 
500 |a It includes and index 
942 |a lcc  |c BK  |e Kuteyi, M. A.  |f 17/12/2020 
952 |0 0  |1 0  |2 lcc  |4 0  |6 PC2129 E5 D48  |7 0  |9 648  |a HOL  |b HOL  |c LP  |d 2020-12-17  |l 0  |o PC2129 .E5D48  |p 2020-22965  |r 2020-12-17 00:00:00  |w 2020-12-17  |y BK 
999 |c 360  |d 360